000 00712nam a2200217 i 4500
003 IT-RoINE
005 20190613060656.0
008 060518s1978 sp |||||r 001 ||spa|d
020 _a73780213
100 1 _aSomoano Berdasco, Rafael
_957244
245 1 0 _aPacifismo, guerra y objeción de conciencia a la luz de la moral católica /
_cRafael Somoano Berdasco
260 _aMadrid :
_bFuerza Nueva Editorial,
_cDL 1978.
300 _a326 p. ;
_c23 cm.
336 _2rdacontent
_atext
337 _2rdamedia
_aunmediated
338 _2rdacarrier
_avolume
500 _aIncluye índices.
504 _aBibliografiía: p. 313-326.
650 4 _957245
_aObjeción de conciencia
_xAspecto moral
942 _cMTS
999 _c29148
_d29148